Polovodičová technika 1 /

Salvato in:
Dettagli Bibliografici
Autore principale: Stránsky, Josef (Autore)
Natura: Libro
Lingua:ceco
Pubblicazione: Praha : SNTL, 1976
Edizione:2.nezm.vyd.
Soggetti:
Tags: Aggiungi Tag
Nessun Tag, puoi essere il primo ad aggiungerne!!

MARC

LEADER 00000nam a22000003a 4500
001 stu43336
005 20150617225717.0
008 940906s1976----cs------------------cze-d
040 |a STU  |b slo 
041 0 |a cze 
044 |a cs 
080 |a 621.382 
100 1 |a Stránsky, Josef  |4 aut 
245 1 |a Polovodičová technika 1 /  |c Josef Stránský a kol 
250 |a 2.nezm.vyd. 
260 |a Praha :  |b SNTL,  |c 1976 
300 |a 399 s 
650 7 |a polovodiče  |2 stusub 
650 7 |a Technika polovodičová  |2 stusub 
996 |b 284M030023  |c M*8727/1-1  |l MMKN  |s A  |a 24  |w stu43336_0002 
996 |b E43554  |c E*43554  |l EE05  |s P  |a 0  |w stu43336_0003